[Event "Famalicao op 2nd"]
[Site "Famalicao"]
[Date "2014.09.03"]
[Round "4"]
[White "Oliveira, Maria Elisa Ramos"]
[Black "Dias, Pedro Nuno Cruz"]
[Result "0-1"]
[WhiteElo "1054"]
[BlackElo "1529"]
[PlyCount "78"]
[EventDate "2014.09.01"]
[EventType "swiss"]
[EventRounds "7"]
[EventCountry "POR"]
[SourceTitle "EXT 2018"]
[Source "ChessBase"]
[SourceDate "2017.10.13"]
[SourceVersion "1"]
[SourceVersionDate "2017.10.13"]
[SourceQuality "1"]

1. e4 e6 2. d4 d5 3. exd5 exd5 4. Nf3 Bd6 5. Bd3 Ne7 6. 0-0 0-0 7. Nc3 c6 8. Ne2 Bf5 9. Ng3 Bxd3 10. Qxd3 Nd7 11. Re1 Qc7 12. Bg5 f6 13. Bd2 Rae8 14. Nf5 Nxf5 15. Qxf5 Nb6 16. Qg4 Qd7 17. Qh4 Nc4 18. Bc3 Qf5 19. h3 Qxc2 20. Qg4 Qg6 21. Qd7 Rxe1+ 22. Rxe1 Qf7 23. Qe6 Qxe6 24. Rxe6 Kf7 25. Re2 Re8 26. Rxe8 Kxe8 27. b3 Nb6 28. Kf1 Ke7 29. Ke2 Ke6 30. Ke3 Nc8 31. g4 b6 32. g5 c5 33. h4 Ne7 34. dxc5 bxc5 35. a3 d4+ 36. Bxd4 Nf5+ 37. Ke4 Nxd4 38. Nxd4+ cxd4 39. Kxd4 Bxa3 0-1

[Event "Gaia Profigaia op 6th"]
[Site "Vila Nova de Gaia"]
[Date "2013.07.10"]
[Round "7.32"]
[White "Dias, Pedro Nuno Cruz"]
[Black "Ferreira, Joana Isabel Martin"]
[Result "1-0"]
[WhiteElo "1490"]
[BlackElo "1214"]
[PlyCount "125"]
[EventDate "2013.07.06"]
[EventType "swiss"]
[EventRounds "9"]
[EventCountry "POR"]
[SourceTitle "EXT 2015"]
[Source "ChessBase"]
[SourceDate "2014.11.20"]
[SourceVersion "1"]
[SourceVersionDate "2014.11.20"]
[SourceQuality "1"]

1. e4 e5 2. f4 exf4 3. Nf3 Nf6 4. e5 Nd5 5. Bc4 Nb6 6. Bb3 Be7 7. 0-0 Nc6 8. d4 d6 9. Bxf4 0-0 10. Nc3 dxe5 11. Bxe5 Nxe5 12. Nxe5 Be6 13. d5 f6 14. dxe6 fxe5 15. Qxd8 Raxd8 16. Ne4 Rxf1+ 17. Rxf1 Rd4 18. Ng3 Bc5 19. e7+ Rd5+ 20. Kh1 Bxe7 21. Bxd5+ Nxd5 22. c3 Bc5 23. Ne4 Bd6 24. Nxd6 cxd6 25. Rd1 Nf6 26. Rxd6 Kf7 27. Kg1 e4 28. Kf1 Ke7 29. Rd2 Ke6 30. Kf2 Nd5 31. Re2 Ke5 32. g3 g5 33. a3 h5 34. Re1 e3+ 35. Rxe3+ Nxe3 36. Kxe3 Kd5 37. b3 Ke5 38. c4 b6 39. b4 a6 40. h3 b5 41. c5 Kd5 42. h4 gxh4 43. gxh4 Ke5 44. Kf3 Kf5 45. c6 Ke6 46. Kf4 Kd6 47. c7 Kxc7 48. Kg5 Kd6 49. Kxh5 Ke6 50. Kg4 Kf7 51. Kf3 Kg6 52. Ke4 Kh5 53. Kd5 Kxh4 54. Kc6 Kg4 55. Kb6 Kf4 56. Kxa6 Ke5 57. Kxb5 Kd5 58. Kb6 Kc4 59. Kc6 Kb3 60. b5 Ka4 61. b6 Ka5 62. b7 Ka6 63. b8Q 1-0

[Event "Gaia Profigaia op 6th"]
[Site "Vila Nova de Gaia"]
[Date "2013.07.07"]
[Round "3.19"]
[White "Dias, Pedro Nuno Cruz"]
[Black "Fernandes, Afonso Sampaio SP"]
[Result "0-1"]
[WhiteElo "1490"]
[BlackElo "1781"]
[PlyCount "90"]
[EventDate "2013.07.06"]
[EventType "swiss"]
[EventRounds "9"]
[EventCountry "POR"]
[SourceTitle "EXT 2015"]
[Source "ChessBase"]
[SourceDate "2014.11.20"]
[SourceVersion "1"]
[SourceVersionDate "2014.11.20"]
[SourceQuality "1"]

1. e4 c5 2. Nf3 Nc6 3. c3 d5 4. exd5 Qxd5 5. d4 Bf5 6. Bd3 Bxd3 7. Qxd3 cxd4 8. cxd4 e5 9. Nc3 Bb4 10. 0-0 Bxc3 11. bxc3 0-0-0 12. Qf5+ Kb8 13. Nxe5 Nf6 14. Nxc6+ Qxc6 15. Bf4+ Ka8 16. Qd3 Nd5 17. Bd2 h5 18. a4 h4 19. Qb5 Nxc3 20. Bxc3 Qxc3 21. Rfb1 Qc7 22. Rc1 Qd7 23. Rc4 a6 24. Qe5 Rhe8 25. Qf4 Qd5 26. Rc5 Qb3 27. h3 Qb2 28. Rac1 f6 29. d5 g5 30. Qf5 Re5 31. Qf3 Rdxd5 32. R5c2 Qd4 33. Rc4 Qb6 34. Re4 Qe6 35. Rxe5 Rxe5 36. Rb1 Re1+ 37. Rxe1 Qxe1+ 38. Kh2 Qe5+ 39. Kg1 Qa1+ 40. Kh2 Qxa4 41. Qxf6 Qf4+ 42. Qxf4 gxf4 43. g4 fxg3+ 44. fxg3 hxg3+ 45. Kxg3 a5 0-1